Most Expensive Football Transfers Ever A-Z - Statistics

General Stats
  • This quiz has been taken 728 times
    370 since last reset
  • The average score is 24 of 27
Answer Stats
Letter Fee Left Joined Season Answer % Correct
B €103.00m Borussia Dortmund Real Madrid 2023/24 Jude Bellingham
98%
R €117.00m Real Madrid Juventus 2018/19 Cristano Ronaldo
96%
K €95.00m Tottenham Bayern Munich 2023/24 Harry Kane
96%
N €222.00m Barcelona Paris SG 2017/18 Neymar
96%
C €135.00m Liverpool Barcelona 2017/18 Philippe Coutinho
96%
G €120.00m Atlético Madrid Barcelona 2019/20 Antoine Griezmann
95%
A €95.00m Ajax Manchester Utd 2022/23 Antony
95%
M €180.00m AS Monaco Paris SG 2018/19 Kylian Mbappé
95%
I €145.00m Newcastle Utd Liverpool 2025/26 Alexander Isak
94%
D €135.00m Borussia Dortmund Barcelona 2017/18 Ousmane Dembélé
94%
P €105.00m Juventus Manchester Utd 2016/17 Paul Pogba
94%
E €95.00m Eintracht Frankfurt Liverpool 2025/26 Hugo Ekitiké
93%
H €115.00m Chelsea Real Madrid 2019/20 Eden Hazard
92%
W €125.00m Bayer Leverkusen Liverpool 2025/26 Florian Wirtz
92%
J €86.00m Ajax Barcelona 2019/20 Frenkie de Jong
91%
F €127.20m Benfica Atlético Madrid 2019/20 João Félix
91%
S €85.00m Borussia Dortmund Manchester Utd 2021/22 Jadon Sancho
90%
O €78.90m LOSC Lille SSC Napoli 2020/21 Victor Osimhen
89%
Z €77.50m Juventus Real Madrid 2001/02 Zinedine Zidane
87%
T €80.00m AS Monaco Real Madrid 2022/23 Aurélien Tchouaméni
86%
X €45.00m Bor. M'gladbach Arsenal 2016/17 Granit Xhaka
86%
L €113.00m Inter Milan Chelsea 2021/22 Romelu Lukaku
85%
Y €62.00m LOSC Lille Manchester Utd 2024/25 Leny Yoro
80%
V €83.50m Fiorentina Juventus 2021/22 Dušan Vlahović
79%
K €95.00m Eintracht Frankfurt Paris SG 2023/24 Randal Kolo Muani
79%
U €60.00m Sporting CP Paris SG 2023/24 Manuel Ugarte
78%
Q €35.00m Liverpool Bayer Leverkusen 2025/26 Jarell Quansah
72%
No matching quizzes found
Score Distribution
Percent of People with Each Score
Percentile by Number Answered
Your Score History
You have not taken this quiz since the last reset